00244nam a2200085Ia 4500008004100000100001700041245004300058260004800101260000900149170620s9999 xx 000 0 und d aGupta- C. B. 3aAn Introduction to Statistical Methods bNew Delhi- Vikas Publishing House Pvt. Ltd. c2005